000 00800nam a2200217 i 4500
001 78127
003 ES-MaACL
005 20230906173543.0
007 t|
008 041011s1908 fr ||||1| fre d
100 1 _aHannequin, Arthur.
_961738
245 1 0 _aÉtudes d'histoire des sciences et d'histoire de la philosophie /
_cpar A. Hannequin,... ; avec une préface de R. Thamin,... ; et une introduction de J. Grosjean.
260 _aParis :
_bFélix Alcan,
_c1908 (
_fPhilippe Renouard)
300 _a2 v. (CI-264, II-326 p.) ;
_c23 cm.
490 1 _aBibliothèque de philosophie contemporaine
700 1 _aGrosjean, J.
_960159
700 0 _aThamin, Raymond.
_9109863
830 0 _aBibliothèque de philosophie contemporaine
_9181027
852 _aES-MaACL
_jB-6583-6584
999 _c78127
_d78127